1822 1530 1633 1326 1671 1049 1493 1717 1235 1390 1614 1642 1955 1115 1863 1956 1410 1672 1834 1603 1110 1127 1756 1643 1633 1006 1192 1800 1593 1862 1495 1139 1303 1949 1810 1642 1204 1524 1614 1952 1199 1495 1606 1539 1209 1655 1218 1609 1606 1660 1108 1335 1071 1273 1026 1933 1182 1617 1722 1988 1556 1634 1436 1296 1801 1456 1257 1222 1652 1014 1719 1904 1375 1689 1676 1027 1318 1006 1905 1797 1259 1614 1044 1846 1330 1374 1808 1952 1797 1279 1317 1706 1968 1390 1015 1578 1439 1792 1026 BCNSPRNW ULIB Ver.6.0+V

เปลี่ยนเป็นภาษาไทย

Change to English
 แสดงรายละเอียดบรรณานุกรม
  กลับหน้าหลัก

Brief Record : Get Marc (ISO 2709) : E-mail record : QR code < ปิดหน้าต่าง
LEADER : 00000nam 2200000uu 4500
001    13399123328
003     ULIB
008    140822s2556||||th 000 0 tha d
020    ^a9786167305752
050  4 ^aBQ5125.T5^bพ541
245 00 ^aพัดรองงานพระราชพิธีในรัชกาลพระบาทสมเด็จพระปรมินทรมหาภูมิพลอดุลยเดช /^cคณะบรรณาธิการและผู้เรียบเรียง, ไพโรจน์ รัตนพล ... [และคนอื่นๆ]
260    ^aกรุงเทพฯ :^bกสทช,^c2556
300    ^a308 หน้า :^bภาพประกอบสี ;^c30 ซม.
500    ^aที่ระลึกเฉลิมพระเกียรติเนื่องในโอกาสงานฉลองพระชันษา 100 ปีสมเด็จพระญาณสังวร สมเด็จพระสังฆราช สกลมหาสังฆปริณายก 3 ตุลาคม2556
650  4 ^aพัดยศ
650  4 ^aตาลปัตร
700 0  ^aไพโรจน์ รัตนพล
710 2  ^aสำนักงานคณะกรรมการกิจการกระจายเสียง กิจการโทรทัศน์และกิจการโทรคมนาคมแห่งชาติ
945    ^p0^l0^i034630
999    ^aเกษร โพธิ์สุวรรณ
รายการนี้ยังไม่มีแท็ก
คุณยังไม่ได้ล็อกอิน คุณสามารถมีกิจกรรมร่วมกับเว็บไซต์ได้ แต่ต้องล็อกอินก่อน ::
  ล็อกอิน

รายการสื่อสารสนเทศ

ลำดับที่ ประเภท เลขเรียก/บาร์โค้ด สถานที่ สถานะ
1. การศึกษาทั่วไป
การศึกษาทั่วไป
BQ5125.T5 พ541 ฉ.1 
  Barcode: 034630
ห้องสมุดวิทยาเขตสวรรค์ประชารักษ์
►หนังสือทั่วไป
บนชั้น

BibComment


ยังไม่เคยถูกคอมเมนท์

คอมเมนท์ทรัพยากรรายการนี้
  คอมเมนท์: พัดรองงานพระราชพ..


 Copyright 2026. Bcnsprnw @Library